[Event "I cerrado Memorial Alfonso Pizarroso"]
[Site "Xativa"]
[Date "2018.07.01"]
[Round "7.4"]
[White "Plaskett, H James"]
[Black "Cruz Lledo, Pablo"]
[Result "0-1"]
[BlackElo "2443"]
[WhiteElo "2455"]
[LiveChessVersion "1.4.8"]

1. e4 {[%clk 0:07:06]} c6 {[%clk 0:07:03]} 2. c4 {[%clk 0:07:04]} g6
{[%clk 0:07:02]} 3. Nc3 {[%clk 0:07:04]} Bg7 {[%clk 0:07:04]} 4. d4
{[%clk 0:07:06]} d6 {[%clk 0:07:04]} 5. Be3 {[%clk 0:07:07]} Nf6 {[%clk 0:07:05]}
6. f3 {[%clk 0:07:09]} O-O {[%clk 0:07:03]} 7. Qd2 {[%clk 0:07:11]} a6
{[%clk 0:07:05]} 8. Rd1 {[%clk 0:07:10]} b5 {[%clk 0:07:07]} 9. e5
{[%clk 0:07:11]} Ne8 {[%clk 0:07:03]} 10. f4 {[%clk 0:07:08]} Nd7
{[%clk 0:06:35]} 11. Nf3 {[%clk 0:07:09]} Nb6 {[%clk 0:06:32]} 12. c5
{[%clk 0:06:58]} Nd5 {[%clk 0:06:20]} 13. Nxd5 {[%clk 0:06:33]} cxd5
{[%clk 0:06:22]} 14. cxd6 {[%clk 0:06:25]} exd6 {[%clk 0:06:23]} 15. Bd3
{[%clk 0:06:24]} Bg4 {[%clk 0:06:12]} 16. O-O {[%clk 0:06:25]} Nc7
{[%clk 0:06:04]} 17. Rc1 {[%clk 0:06:24]} Ne6 {[%clk 0:05:49]} 18. h3
{[%clk 0:06:13]} Bxf3 {[%clk 0:05:50]} 19. Rxf3 {[%clk 0:06:15]} dxe5
{[%clk 0:05:49]} 20. dxe5 {[%clk 0:05:55]} Rc8 {[%clk 0:05:33]} 21. Rxc8
{[%clk 0:05:40]} Qxc8 {[%clk 0:05:35]} 22. f5 {[%clk 0:05:41]} gxf5
{[%clk 0:04:43]} 23. Bxf5 {[%clk 0:05:39]} Qd8 {[%clk 0:03:58]} 24. Rg3
{[%clk 0:04:12]} Kh8 {[%clk 0:03:59]} 25. Rg4 {[%clk 0:03:04]} Bxe5
{[%clk 0:03:47]} 26. Qf2 {[%clk 0:02:32]} Ng7 {[%clk 0:02:35]} 27. Bc5
{[%clk 0:01:45]} Rg8 {[%clk 0:02:26]} 28. Bxh7 {[%clk 0:01:01]} Kxh7
{[%clk 0:02:26]} 29. Qxf7 {[%clk 0:01:02]} Qf6 {[%clk 0:02:08]} 30. Qxd5
{[%clk 0:00:54]} Rd8 {[%clk 0:01:58]} 31. Qe4+ {[%clk 0:00:55]} Kg8
{[%clk 0:02:00]} 32. Qe2 {[%clk 0:00:48]} Bd4+ {[%clk 0:01:45]} 33. Bxd4 Rxd4 34.
Rg3 {[%clk 0:00:27]} Rd8 {[%clk 0:01:46]} 35. Rf3 {[%clk 0:00:23]} Qd4+
{[%clk 0:01:45]} 36. Kh1 {[%clk 0:00:24]} Qd1+ {[%clk 0:01:38]} 37. Qxd1
{[%clk 0:00:25]} Rxd1+ {[%clk 0:01:41]} 38. Kh2 {[%clk 0:00:28]} Rd6
{[%clk 0:01:37]} 39. Kg3 {[%clk 0:00:28]} Ne6 {[%clk 0:01:35]} 40. Kg4
{[%clk 0:00:26]} Kg7 {[%clk 0:01:37]} 41. h4 {[%clk 0:00:26]} Nc5
{[%clk 0:01:25]} 42. Rc3 {[%clk 0:00:21]} Nd3 {[%clk 0:01:20]} 43. Rc7+
{[%clk 0:00:22]} Kh6 {[%clk 0:01:20]} 44. b3 {[%clk 0:00:19]} Ne5+
{[%clk 0:01:17]} 45. Kf5 {[%clk 0:00:21]} Ng6 {[%clk 0:01:10]} 46. g3
{[%clk 0:00:23]} Rd5+ {[%clk 0:00:35]} 47. Ke4 {[%clk 0:00:12]} Rd2
{[%clk 0:00:35]} 48. Kf5 {[%clk 0:00:10]} Rf2+ {[%clk 0:00:27]} 49. Kg4
{[%clk 0:00:10]} Ne5+ {[%clk 0:00:28]} 50. Kh3 {[%clk 0:00:12]} Rxa2
{[%clk 0:00:28]} 51. Rc5 {[%clk 0:00:15]} Re2 {[%clk 0:00:29]} 52. b4
{[%clk 0:00:14]} Kg6 {[%clk 0:00:31]} 53. Rd5 {[%clk 0:00:12]} Kf5
{[%clk 0:00:19]} 54. g4+ {[%clk 0:00:07]} Ke4 {[%clk 0:00:15]} 55. Rd6
{[%clk 0:00:10]} Re3+ {[%clk 0:00:17]} 56. Kg2 {[%clk 0:00:12]} Nxg4
{[%clk 0:00:14]} 57. Rxa6 {[%clk 0:00:14]} Rb3 {[%clk 0:00:14]} 58. h5
{[%clk 0:00:14]} Rxb4 {[%clk 0:00:15]} 59. h6 {[%clk 0:00:17]} Nxh6
{[%clk 0:00:07]} 60. Rxh6 {[%clk 0:00:18]} Rd4 {[%clk 0:00:08]} 61. Kf2
{[%clk 0:00:12]} Kd3 {[%clk 0:00:11]} 62. Ke1 {[%clk 0:00:12]} Kc2
{[%clk 0:00:11]} 63. Rh2+ {[%clk 0:00:05]} Kc1 {[%clk 0:00:10]} 64. Rh5
{[%clk 0:00:06]} Re4+ {[%clk 0:00:10]} 65. Kf2 {[%clk 0:00:08]} b4
{[%clk 0:00:13]} 66. Rb5 {[%clk 0:00:09]} Kc2 67. Kf3 Rc4 {[%clk 0:00:12]} 68.
Ke2 {[%clk 0:00:12]} b3 0-1

[Event "I cerrado Memorial Alfonso Pizarroso"]
[Site "Xativa"]
[Date "2018.07.01"]
[Round "7.6"]
[White "Galiana Fernandez, Adrian"]
[Black "Garcia Martin, Marta"]
[Result "1-0"]
[BlackElo "2320"]
[WhiteElo "2167"]
[LiveChessVersion "1.4.8"]

1. e4 {[%clk 0:07:03]} c6 {[%clk 0:07:06]} 2. Nf3 {[%clk 0:07:02]} d5
{[%clk 0:07:07]} 3. Nc3 {[%clk 0:07:04]} Nf6 {[%clk 0:07:05]} 4. e5
{[%clk 0:07:06]} Ne4 {[%clk 0:07:05]} 5. Ne2 {[%clk 0:07:06]} Qb6
{[%clk 0:07:07]} 6. d4 {[%clk 0:07:06]} e6 {[%clk 0:06:22]} 7. Ng3
{[%clk 0:07:07]} c5 {[%clk 0:06:22]} 8. Bd3 {[%clk 0:06:57]} Nxg3
{[%clk 0:06:17]} 9. hxg3 {[%clk 0:06:58]} cxd4 {[%clk 0:06:19]} 10. Kf1
{[%clk 0:06:34]} Nc6 {[%clk 0:05:58]} 11. a3 {[%clk 0:06:34]} Bd7
{[%clk 0:05:24]} 12. b4 {[%clk 0:06:36]} g6 {[%clk 0:04:23]} 13. Bb2
{[%clk 0:06:30]} Bg7 {[%clk 0:04:25]} 14. Qe2 {[%clk 0:06:31]} Qc7
{[%clk 0:03:34]} 15. Re1 {[%clk 0:06:31]} O-O-O {[%clk 0:03:33]} 16. b5
{[%clk 0:05:14]} Na5 {[%clk 0:03:35]} 17. Bxd4 {[%clk 0:05:13]} b6
{[%clk 0:03:04]} 18. Ng5 {[%clk 0:04:56]} Rdf8 {[%clk 0:01:43]} 19. Nxh7
{[%clk 0:04:51]} Nc4 {[%clk 0:01:09]} 20. Kg1 {[%clk 0:04:47]} Rd8
{[%clk 0:00:54]} 21. a4 {[%clk 0:04:35]} Kb8 {[%clk 0:00:50]} 22. Nf6
{[%clk 0:03:22]} Rxh1+ {[%clk 0:00:50]} 23. Kxh1 {[%clk 0:03:23]} Rc8
{[%clk 0:00:27]} 24. c3 {[%clk 0:03:25]} Na5 {[%clk 0:00:24]} 25. Qa2
{[%clk 0:00:55]} Bf8 {[%clk 0:00:25]} 26. Nh7 {[%clk 0:00:37]} Be7
{[%clk 0:00:25]} 27. Nf6 {[%clk 0:00:33]} Qd8 {[%clk 0:00:22]} 28. Kg1
{[%clk 0:00:23]} Rc7 {[%clk 0:00:23]} 29. g4 {[%clk 0:00:17]} Bc8
{[%clk 0:00:24]} 30. g5 {[%clk 0:00:19]} Bb7 {[%clk 0:00:24]} 31. Re3
{[%clk 0:00:16]} Rc8 {[%clk 0:00:16]} 32. Rh3 {[%clk 0:00:18]} Qc7
{[%clk 0:00:17]} 33. Rh7 {[%clk 0:00:20]} Bc5 {[%clk 0:00:18]} 34. Bxc5
{[%clk 0:00:13]} bxc5 {[%clk 0:00:20]} 35. Bxg6 Qd8 1-0

[Event "I cerrado Memorial Alfonso Pizarroso"]
[Site "Xativa"]
[Date "2018.07.01"]
[Round "7.7"]
[White "Torres Sanchez, Jose"]
[Black "Crespo Calatayud, Santiago"]
[Result "1-0"]
[BlackElo "1744"]
[WhiteElo "2357"]
[LiveChessVersion "1.4.8"]

1. Nc3 {[%clk 0:07:03]} Nf6 {[%clk 0:07:03]} 2. e4 {[%clk 0:07:03]} d5
{[%clk 0:07:03]} 3. e5 {[%clk 0:07:03]} Nfd7 {[%clk 0:06:56]} 4. d4
{[%clk 0:07:04]} e6 {[%clk 0:06:55]} 5. f4 {[%clk 0:07:04]} c5 {[%clk 0:06:51]}
6. Nf3 {[%clk 0:07:06]} Nc6 {[%clk 0:06:53]} 7. Be3 {[%clk 0:07:07]} cxd4
{[%clk 0:06:52]} 8. Nxd4 {[%clk 0:07:08]} Be7 {[%clk 0:06:25]} 9. Qd2
{[%clk 0:06:49]} Nxd4 {[%clk 0:06:27]} 10. Bxd4 {[%clk 0:06:50]} O-O
{[%clk 0:06:04]} 11. O-O-O {[%clk 0:06:49]} a6 {[%clk 0:05:30]} 12. Kb1
{[%clk 0:06:24]} b5 {[%clk 0:05:31]} 13. Bd3 {[%clk 0:06:22]} Bb7
{[%clk 0:05:04]} 14. f5 {[%clk 0:06:16]} Bc5 {[%clk 0:04:57]} 15. Qf2
{[%clk 0:05:42]} Bxd4 {[%clk 0:04:57]} 16. Qxd4 Qc7 17. Rhe1 {[%clk 0:05:36]}
Rac8 {[%clk 0:04:38]} 18. f6 {[%clk 0:05:22]} g6 {[%clk 0:03:20]} 19. Qf4
{[%clk 0:05:16]} Kh8 {[%clk 0:02:59]} 20. Re3 {[%clk 0:04:59]} d4
{[%clk 0:02:38]} 21. Qh6 {[%clk 0:04:59]} 1-0